000 01487nam a2200325 i 4500
001
003 DO-SdBNP
005 20260217095338.0
007 ta
008 090701s1983 dr 000 0 spa d
040 _aDO-SdBNP
_bspa
_cBNPHU
_erda
041 _aspa
082 4 _a330.122
_bG633c
_222
100 1 _aCassá, Roberto,
_d1948-
_eautor
_4aut.
_910888
245 1 0 _aEl capitalismo frente a los trabajadores /
_b
_c José Gómez Cerda ; prólogo, César Estrella Sadhalá
264 1 _aSanto Domingo :
_bVisión,
_c1983.
300 _a253 páginas ;
_bilustraciones ;
_c19 cm.
336 _atexto
_btxt
_2rdacontent
337 _asin mediación
_bn
_2rdamedia
338 _avolumen
_bnc
_2rdacarrier
500 _a Incluye datos biográficos del autor en la solapa de la cubierta
504 _a
505 0 _aPrólogo --
_tIntroducción --
_tAntecedentes del capitalismos --
_tLa revolución industrial --
_tLos grandes teórico --
_tPrincipios y fundamentos del capitalismo
_gSituación de los trabajadores (Siglo XX) --
_tEl capitalismo norteamericano --
_tLa 1 Guerra mundial --
_tLa gran depresión económica --
_tLa II guerra mundial --
_tTendencias actuales del sindicalismo --
_tNuevas formas del capitalismo.
_g
590 _aInventariado, 2020/VM
650 4 _a Capitalismo
_z
_97059
650 4 _aTrabajo y trabajadores
_z
_97060
700 1 _aCésar Estrella, Sadhalá,
_eprologuista
_4pr.
_989029
910 _aValidado. Control de calidad MFF
942 _2ddc
_cLBS1
999 _c48811
_d48811